<?xml version="1.0" encoding="UTF-8"?>
<record
    xmlns:xsi="http://www.w3.org/2001/XMLSchema-instance"
    xsi:schemaLocation="http://www.loc.gov/MARC21/slim http://www.loc.gov/standards/marcxml/schema/MARC21slim.xsd"
    xmlns="http://www.loc.gov/MARC21/slim">

  <leader>00925nam a22002537a 4500</leader>
  <controlfield tag="005">20170123164159.0</controlfield>
  <datafield tag="010" ind1=" " ind2=" ">
    <subfield code="a">B-082612</subfield>
  </datafield>
  <datafield tag="020" ind1=" " ind2=" ">
    <subfield code="c">23.00</subfield>
  </datafield>
  <datafield tag="035" ind1=" " ind2=" ">
    <subfield code="a">B-082612</subfield>
  </datafield>
  <datafield tag="037" ind1=" " ind2=" ">
    <subfield code="b">Cen Lib/Ret</subfield>
  </datafield>
  <datafield tag="040" ind1=" " ind2=" ">
    <subfield code="a">DPL</subfield>
    <subfield code="b">PN</subfield>
  </datafield>
  <datafield tag="082" ind1=" " ind2=" ">
    <subfield code="a">954</subfield>
    <subfield code="b">&#xA24;&#xA3F;&#xA4D;&#xA32;&#xA4B;&#xA1A;</subfield>
  </datafield>
  <datafield tag="100" ind1=" " ind2=" ">
    <subfield code="a">&#xA24;&#xA3F;&#xA4D;&#xA32;&#xA4B;&#xA1A;&#xA28; &#xA38;&#xA3F;&#xA70;&#xA18; </subfield>
    <subfield code="9">135447</subfield>
  </datafield>
  <datafield tag="245" ind1=" " ind2=" ">
    <subfield code="a">&#xA2D;&#xA3E;&#xA30;&#xA24; &#xA26;&#xA47; &#xA2A;&#xA4D;&#xA30;&#xA38;&#xA3F;&#xA71;&#xA27; &#xA2D;&#xA35;&#xA28; /</subfield>
    <subfield code="c">&#xA24;&#xA3F;&#xA4D;&#xA30;&#xA32;&#xA4B;&#xA1A;&#xA28; &#xA38;&#xA3F;&#xA70;&#xA18; </subfield>
  </datafield>
  <datafield tag="246" ind1=" " ind2=" ">
    <subfield code="a">Bharat de parsidh bhawan : in punjabi /</subfield>
    <subfield code="b">by Tirlochan Singh </subfield>
  </datafield>
  <datafield tag="260" ind1=" " ind2=" ">
    <subfield code="a">&#xA2A;&#xA70;&#xA1C;&#xA3E;&#xA2C; </subfield>
    <subfield code="b">&#xA2D;&#xA3E;&#xA38;&#xA3E; &#xA35;&#xA3F;&#xA2D;&#xA3E;&#xA17;</subfield>
    <subfield code="c">1999</subfield>
  </datafield>
  <datafield tag="270" ind1=" " ind2=" ">
    <subfield code="b">&#xA2A;&#xA70;&#xA1C;&#xA3E;&#xA2C; </subfield>
    <subfield code="e">1999</subfield>
  </datafield>
  <datafield tag="300" ind1=" " ind2=" ">
    <subfield code="a">54p ; </subfield>
    <subfield code="c">24cm</subfield>
  </datafield>
  <datafield tag="650" ind1=" " ind2=" ">
    <subfield code="a">&#xA2D;&#xA42;&#xA17;&#xA4B;&#xA32; &#xA35;&#xA3F;&#xA17;&#xA3F;&#xA06;&#xA28;</subfield>
    <subfield code="9">135448</subfield>
  </datafield>
  <datafield tag="650" ind1=" " ind2=" ">
    <subfield code="a">&#xA2D;&#xA3E;&#xA30;&#xA24;&#xA40; &#xA2D;&#xA42;&#xA17;&#xA4B;&#xA32;&#xA3F;&#xA15; &#xA05;&#xA27;&#xA3F;&#xA10;&#xA28;</subfield>
    <subfield code="9">135449</subfield>
  </datafield>
  <datafield tag="650" ind1=" " ind2=" ">
    <subfield code="a">Geography</subfield>
    <subfield code="9">135450</subfield>
  </datafield>
  <datafield tag="650" ind1=" " ind2=" ">
    <subfield code="a">Indian Geographical Study</subfield>
    <subfield code="9">112053</subfield>
  </datafield>
  <datafield tag="942" ind1=" " ind2=" ">
    <subfield code="2">ddc</subfield>
    <subfield code="c">PN</subfield>
    <subfield code="h">954</subfield>
    <subfield code="m">&#xA24;&#xA3F;&#xA4D;&#xA30;&#xA32;&#xA4B;</subfield>
  </datafield>
  <datafield tag="999" ind1=" " ind2=" ">
    <subfield code="c">110901</subfield>
    <subfield code="d">110901</subfield>
  </datafield>
  <datafield tag="952" ind1=" " ind2=" ">
    <subfield code="0">0</subfield>
    <subfield code="1">0</subfield>
    <subfield code="4">0</subfield>
    <subfield code="7">0</subfield>
    <subfield code="a">L</subfield>
    <subfield code="b">L</subfield>
    <subfield code="d">2016-02-10</subfield>
    <subfield code="e">Cen Lib/Ret</subfield>
    <subfield code="g">23.00</subfield>
    <subfield code="l">0</subfield>
    <subfield code="o">954 &#xA24;&#xA3F;&#xA4D;&#xA30;&#xA32;&#xA4B;</subfield>
    <subfield code="p">B-082612</subfield>
    <subfield code="r">2016-02-10 00:00:00</subfield>
    <subfield code="t">1</subfield>
    <subfield code="v">23.00</subfield>
    <subfield code="w">2016-09-15</subfield>
    <subfield code="y">PN</subfield>
  </datafield>
  <datafield tag="952" ind1=" " ind2=" ">
    <subfield code="0">0</subfield>
    <subfield code="1">0</subfield>
    <subfield code="4">0</subfield>
    <subfield code="7">0</subfield>
    <subfield code="a">L</subfield>
    <subfield code="b">L</subfield>
    <subfield code="d">2016-02-10</subfield>
    <subfield code="e">Cen Lib/Ret</subfield>
    <subfield code="g">23.00</subfield>
    <subfield code="l">0</subfield>
    <subfield code="o">954 &#xA24;&#xA3F;&#xA4D;&#xA30;&#xA32;&#xA4B;</subfield>
    <subfield code="p">B-082611</subfield>
    <subfield code="r">2016-02-10 00:00:00</subfield>
    <subfield code="t">1</subfield>
    <subfield code="v">23.00</subfield>
    <subfield code="w">2016-09-15</subfield>
    <subfield code="y">PN</subfield>
  </datafield>
</record>
